000 00357nam a2200145Ia 4500
008 191201s2009 xx 000 0 und d
082 _a510
_bBAT
100 _aBALI, N P
245 0 _aTextbook of Engineering Mathematics Ist Sem.
250 _aRep.
260 _aN.Delhi
_bLaxmi Publications
_c2009
300 _a373
650 _aApplied
942 _2ddc
_cBK
999 _c4099
_d4099